D. Martini Lutheri commentarium in Epistolam S. Pauli ad Galatas / (Record no. 158263)
[ view plain ]
| 000 -LEADER | |
|---|---|
| campo de control de longitud fija | 00853nam a2200217 i 4500 |
| 001 - NÚMERO DE CONTROL | |
| campo de control | 158263 |
| 003 - IDENTIFICADOR DE NÚMERO DE CONTROL | |
| campo de control | ES-MaACL |
| 005 - FECHA Y HORA DE LA ÚLTIMA TRANSACCIÓN | |
| campo de control | 20251001192032.0 |
| 008 - DATOS DE LONGITUD FIJA--INFORMACIÓN GENERAL | |
| campo de control de longitud fija | 040825m18431844gw |||| | ger d |
| 040 ## - FUENTE DE CATALOGACIÓN | |
| Centro catalogador/agencia de origen | CAM |
| Lengua de catalogación | spa |
| Centro/agencia transcriptor | CAM |
| 100 1# - ENTRADA PRINCIPAL--NOMBRE DE PERSONA | |
| Nombre de persona | Luther, Martin. |
| 9 (RLIN) | 74872 |
| 245 10 - MENCIÓN DEL TÍTULO | |
| Título | D. Martini Lutheri commentarium in Epistolam S. Pauli ad Galatas / |
| Mención de responsabilidad, etc. | curavit Joan. Conrad. Irmischer. |
| 260 ## - PUBLICACIÓN, DISTRIBUCIÓN, ETC. | |
| Lugar de publicación, distribución, etc. | Erlangae : |
| Nombre del editor, distribuidor, etc. | sumptibus Caroli Heyderi, |
| Fecha de publicación, distribución, etc. | 1843-1844. |
| 300 ## - DESCRIPCIÓN FÍSICA | |
| Extensión | 3 v. (XIV, 389; 366; 485 p.) ; |
| Dimensiones | 19 cm. |
| 630 04 - PUNTO DE ACCESO ADICIONAL DE MATERIA--TÍTULO UNIFORME | |
| Título uniforme | Biblia. |
| Nombre de parte o sección de la obra | N. T. |
| -- | Gálatas- |
| Subdivisión de forma | Comentarios. |
| 9 (RLIN) | 145122 |
| 630 04 - PUNTO DE ACCESO ADICIONAL DE MATERIA--TÍTULO UNIFORME | |
| Título uniforme | Biblia. |
| Nombre de parte o sección de la obra | N.T. |
| -- | Epístolas de Pablo- |
| Subdivisión de forma | Comentarios. |
| 9 (RLIN) | 144667 |
| 700 1# - ENTRADA AGREGADA--NOMBRE PERSONAL | |
| Nombre de persona | Irmischer, Johann Conrad, |
| Fechas asociadas al nombre | 1797-1857 |
| 9 (RLIN) | 128203 |
| 740 01 - ENTRADA AGREGADA--TÍTULO RELACIONADO/ANALÍTICO NO CONTROLADO | |
| Título relacionado o analítico no controlado | Commentarium in Epistolam S. Pauli ad Galatas. |
| 852 ## - LOCALIZACIÓN | |
| Ubicación | ES-MaACL |
| Número de control de estantería | C-1275-77 |
| Nota libre | -- Enc. editorial en tela |
| Estatus retirado | Estado de pérdida | Estado de daño | No para préstamo | Colección | Biblioteca de origen | Biblioteca actual | Ubicación en estantería | Fecha de adquisición | Total de préstamos | Signatura topográfica completa | Código de barras | Visto por última vez | Precio de reemplazo | Tipo de ítem Koha |
|---|---|---|---|---|---|---|---|---|---|---|---|---|---|---|
| Libros del s. XIX | Biblioteca del Ateneo de Madrid | Biblioteca del Ateneo de Madrid | Sala Palomar | 17/01/2008 | C-1275-77 | 1165639 | 23/02/2023 | 23/02/2023 | Libro impreso antiguo |
